000 00291 a2200145 4500
001 160838
020 _a
040 _cMagnum
100 _aVovo Felicio
240 1 0 _aEra uma vez uma onca
_lpor
245 1 0 _aEra uma vez uma onca
362 0 _a1899
697 _aI/ANIMAIS
942 _cBK
999 _c160838
_d160838